00599 a2200157 45000010006000000050017000060080041000230030015000640400040000790800061001192450033001802640039002133000019002525050141002711000029004125496720260407155825.0260407a1967 arg spa dAR-UNSa-BCEJYS aAR-UNSa-BCEJYSbspacAR-UNSa-BCEJYS a16xLógica. Epistemología. Teoría del conocimiento10aLos métodos de la lógica 1aBarcelona :bEdiciones Arielc1967 a362 p.c22 cm. a1. Funciones veritativas – 2. Cuantificación uniforme – 3. Teoría general de la cuantificación – 4. Perspectivas ulteriores 1 aQuine, Willard Van Orman